| 000 | 00372 a2200145 4500 | ||
|---|---|---|---|
| 999 |
_c5279 _d5279 |
||
| 020 | _a0627014070 | ||
| 050 | _aPL8771 MAU 1992 | ||
| 100 |
_aMaumela, E.T _eAuthor |
||
| 245 |
_aZwa Maramani / _cE.T Maramani |
||
| 264 |
_aPretoria: _bJ.L. van Schaik (Pvt) Ltd, _c1992 |
||
| 300 | _a83p. : | ||
| 500 | _aIn Venda | ||
| 650 |
_aNovel _xVenda |
||
| 942 |
_2lcc _cBK _h8771 _iMAU _k1992 |
||